000 00682nam a2200229Ia 4500
005 20250108124925.0
008 008 250107s9999 xx 000 0 eng d
020 _a987-81-8329-928-2
037 _aTB
040 _aCRL
_beng
_cCRL
041 _aeng
_2eng
084 _aO111,3NKAx R2
084 _qCRL
100 _aMatane Paulias Au.; Ahuja M. L. Au.
_9730092
245 0 _aIndia: a splendour in cultural diversity
_cMatane Paulias Au.; Ahuja M. L. Au.
260 _aNew Delhi, India
_bAnmol Publicationas Private Ltd.
_c2681
300 _a228p.
365 _aINR
_b295
650 _aSOCIOLOGY
942 _cTB
_hO111,3NKAx R2
999 _c1235069
_d1235069